banner-ar

قاموس النهضة للمصطلحات الدبلوماسية والسياسة والدولية / (Record no. 59460)

MARC details
000 -الفاتح
حقل البيانات ثابتة الطول 00624nam a2200193Ia 4500
008 - عناصر البيانات ثابتة الطول - معلومات عامة
حقل البيانات ثابتة الطول 140319s9999 xx 000 0 ara d
040 ## - مصدر الفهرسة
وكالة الفهرسة الأصلية GCL /
وكالة النسخ GCL
082 04 - رقم تصنيف ديوى العشرى
رقم التصنيف م
رقم المادة 320.03
-- ر ق
100 1# - المدخل الرئيسى - إسم شخصى
الإسم الشخصى راشد البراوى
245 10 - بيان العنوان
العنوان قاموس النهضة للمصطلحات الدبلوماسية والسياسة والدولية /
بيان المسئوليه,etc راشد البراوى
260 ## - PUBLICATION, DISTRIBUTION, ETC. (IMPRINT)
تاريخ النشر أو التوزيع 1980
300 ## - الوصف المادى
التعداد 289
650 04 - المدخل الاضافى بالموضوع-مصطلح موضوعى
مصطلح موضوعي السياسة
650 04 - المدخل الاضافى بالموضوع-مصطلح موضوعى
مصطلح موضوعي المعاجم
650 04 - المدخل الاضافى بالموضوع-مصطلح موضوعى
مصطلح موضوعي الدبلوماسية
650 04 - المدخل الاضافى بالموضوع-مصطلح موضوعى
مصطلح موضوعي الاجتماع
942 ## - عناصر المدخل الإضافي( كوها)
مصدر التصنيف او مخطط الترفيف Dewey Decimal Classification
Koha [default] item type المراجع
260 ## - PUBLICATION, DISTRIBUTION, ETC. (IMPRINT)
-- [S.N] :
-- مكتبة النهضة المصرية ،
Holdings
حالة التراجع حالة الفقد حالة تلف ليس للاعارة المكان المؤقت الموقع الحالى تاريخ الاكتساب اجمالي اﻻعارات رقم الطلب الباركود تاريخ اخر مشاهدة تاريخ تفعيل السعر نوع وعاء كوها مصدر التصنيف او خطة الترفيف
        مكتبة القاهرة الكبرى مكتبة القاهرة الكبرى 03/26/2014   م\320.03\ر ق 155454 03/26/2014 03/26/2014 المراجع  
        مكتبة القاهرة الكبرى مكتبة القاهرة الكبرى 02/13/2022   م 320.03 ر ق 167373 02/13/2022 02/13/2022 المراجع ddc

Powered By

EGPV